书目信息 |
| 题名: |
人类文化交响乐
|
|
| 作者: | 罗时叙, 著 | |
| 分册: | ||
| 出版信息: | 北京 中国建筑工业出版社 2005.10 |
|
| 页数: | 446页 | |
| 开本: | 21cm | |
| 丛书名: | ||
| 单 册: | ||
| 中图分类: | K928.8 | |
| 科图分类: | ||
| 主题词: | ||
| 电子资源: | ||
| ISBN: | 7-112-07708-7 | |
| 000 | 00839nam0 2200229 450 | |
| 001 | 012007166784 | |
| 005 | 20070921095609.60 | |
| 010 | @a7-112-07708-7@dCNY68.00 | |
| 100 | @a20070820d2005 km y0chiy0120 ea | |
| 101 | 0 | @achi |
| 102 | @aCN@b110000 | |
| 105 | @aab z 000yy | |
| 200 | 1 | @a人类文化交响乐@Aren lei wen hua jiao xiang yue@e庐山别墅大观@f罗时叙著@Fluo shi xu zhu |
| 210 | @a北京@c中国建筑工业出版社@d2005.10 | |
| 215 | @a446页@c图, 地图@d21cm | |
| 330 | @a本书结合古代庐山的开发和近代庐山别墅群的形成过程,翔实而有重点地介绍了庐山每一栋近代别墅的具体情况,其中既有丰富的历史文化信息,又有非常详细的建筑资料。 | |
| 517 | 1 | @a庐山别墅大观@Alu shan bie shu da guan |
| 607 | @a庐山@Alu shan@x别墅@x简介 | |
| 690 | @aK928.8@v4 | |
| 701 | 0 | @a罗时叙,@Aluo shi xu@f1943- @4著 |
| 801 | 0 | @aCN@c20070921 |
| 905 | @dK928.8@eL957 | |
| 人类文化交响乐:庐山别墅大观/罗时叙著.-北京:中国建筑工业出版社,2005.10 |
| 446页:图, 地图;21cm |
| ISBN 7-112-07708-7:CNY68.00 |
| 本书结合古代庐山的开发和近代庐山别墅群的形成过程,翔实而有重点地介绍了庐山每一栋近代别墅的具体情况,其中既有丰富的历史文化信息,又有非常详细的建筑资料。 |
| ● |
| 相关链接 |
|
|
|
正题名:人类文化交响乐
索取号:K928.8/L957
 
预约/预借
| 序号 | 登录号 | 条形码 | 馆藏地/架位号 | 状态 | 备注 |
| 1 | 261380 | 202613804 | 社科库309/309社科库 20排2列1层/ [索取号:K928.8/L957] | 在馆 | |
| 2 | 261381 | 202613813 | 社科库309/309社科库 20排2列1层/ [索取号:K928.8/L957] | 在馆 |